Excavations at Kition.
مؤلف مشترك:
مؤلفون آخرون:
التنسيق: كتاب
اللغة:
English
French
منشور في:
[Nicosia] :
Published for the Republic of Cyprus by the Department of Antiquities, Cyprus,
1974-76.
الموضوعات:
الوسوم: إضافة وسم
رقم الطلب: DS54.95 .L37 E92 v.1-2
| LEADER | 01061nam a2200313 a 4500 | ||
|---|---|---|---|
| 001 | 171 | ||
| 003 | OSt | ||
| 005 | 20260310124400.0 | ||
| 008 | 130303m19749999cy ae b 001 0 eng d | ||
| 010 | |a 81130165 //r85 | ||
| 035 | |a rdb01436490 | ||
| 040 | |c ARCE Library | ||
| 041 | 0 | |a eng |a fre | |
| 043 | |a a-cy--- | ||
| 050 | 4 | |a DS54.95 .L37 E92 v.1-2 | |
| 245 | 0 | 0 | |a Excavations at Kition. |
| 246 | 3 | |a Fouilles de Kition. | |
| 264 | 1 | |a [Nicosia] : |b Published for the Republic of Cyprus by the Department of Antiquities, Cyprus, |c 1974-76. | |
| 300 | |a volumes <1-2> : |b illustrations (some color), plans ; |c 31 cm. | ||
| 504 | |a Includes bibliographical references and indexes. | ||
| 505 | 1 | |a 1. The tombs / Vassos Karageorghis (2 pts.) -- 2. Objets égyptiens et égyptisants / par G. Clerc ... [et al.] | |
| 546 | |a English and French. | ||
| 651 | 0 | |a Kition (Extinct city) |9 17274 | |
| 651 | 0 | |a Cyprus |x Antiquities. | |
| 700 | 1 | |a Karageorghis, Vassos. | |
| 710 | 1 | |a Cyprus. |b Tmēma Archaiotētōn. | |
| 901 | |a reviewed | ||
| 942 | |c BK |2 lcc | ||
| 999 | |c 9881 |d 9881 | ||
